000 02080nam a2200289Ia 4500
999 _c55007
_d55007
001 22078
003 GE_BSU
005 20221019173405.0
008 181216s ||||ge |||||||||||||| || ||
020 _a9789941134975
040 _cGE_BSU
080 _a553(075.8):339(075.8):327.2(075.8) კ-44
100 _aკვინიკაძე, გიორგი
_915379
245 _aგეოეკონომიკური ნარკვევები ფრიდრიხ ლისტიდან ედვარდ ლუტვაკამდე = Geoeconomic Essay :
_bfrom Friedrich List to Edward Luttvak /
_cგიორგი კვინიკაძე ; სამეცნიერო რედაქტორი ვალერიან მელიქიძე ; გარეკანის დიზაინერი მარიამ ებრალიძე.
264 _aთბილისი :
_bთბილ. უნ-ტის გამ-ბა,
_c2016.
300 _a242 გვ. :
_b ნახ. ;
_c20 სმ.
520 _aრეზიუმე ინგლ. ენაზე
541 _h9ლ.10თ.
653 _aგეოგრაფია
653 _aგეოეკონომიკა -- სახელმძღვანელო
653 _aგეოეკონომიკური ნარკვევები
653 _aეკონომიკა
700 _aმელიქიძე, ვალერიან
_eსამეცნიერო რედაქტორი
_915380
700 _aებრალიძე, მარიამ
_eგარეკანის დიზაინერი
_99113
710 _aივანე ჯავახიშვილის სახელობის თბილისის სახელმწიფო უნივერსიტეტი
_bსოციალურ და პოლიტიკურ მეცნიერებათა ფაკულტეტი
_eსაზ. გეოგრაფიის მიმართულება
_915381
942 _cBK
_2udc